000 00765cab a2200277 4500
001 WB3042-91
008 090401t1994 xxu||||| |||| 00| 0 eng d
035 _a(Sirsi) u81673
041 _aeng
245 _aPrivate firms tender for toll roads
260 _c1994
350 _a0
490 _aTimes
_v10 November 1994, 5
490 _aFinancial Times
_v10 November 1994, 10(2)
520 _aGovernment has approved the first private companies to build and maintain four roads worth almost £400m.
650 _aA1
650 _aA419/417
650 _aA69
650 _aDBFO SCHEMES
650 _aM1-A1 LINK
650 _aPRIVATE FINANCE
650 _aROADBUILDING
690 _aTRANSPORT AND COMMUNICATIONS
942 _n0
948 _c04/03/1997
999 _c51482
_d51482